Southeast Asia today--and tomorrow : a political analysis
Tallennettuna:
| Päätekijä: | |
|---|---|
| Aineistotyyppi: | Kirja |
| Kieli: | Undetermined |
| Julkaistu: |
New York
Praeger
1961
|
| Aiheet: | |
| Tagit: |
Lisää tagi
Ei tageja, Lisää ensimmäinen tagi!
|
| Thư viện lưu trữ: | Trung tâm Học liệu Trường Đại học Cần Thơ |
|---|
| LEADER | 00550nam a2200205Ia 4500 | ||
|---|---|---|---|
| 001 | CTU_93514 | ||
| 008 | 210402s9999 xx 000 0 und d | ||
| 082 | |a 959 | ||
| 082 | |b B989 | ||
| 100 | |a Butwell, Richard | ||
| 245 | 0 | |a Southeast Asia today--and tomorrow : | |
| 245 | 2 | |b a political analysis | |
| 245 | 0 | |c Richard Butwell | |
| 260 | |a New York | ||
| 260 | |b Praeger | ||
| 260 | |c 1961 | ||
| 650 | |a Politics and government | ||
| 650 | |z Asia, southeastern | ||
| 904 | |i Bằng | ||
| 980 | |a Trung tâm Học liệu Trường Đại học Cần Thơ | ||